00527nam a2200169Ia 4500001001000000003000500010008004100015010001100056040000900067100001700076245009900093260003500192300001000227440004000237650005900277700002100336Para_4771CHAP220125s1955 xx 000 0 und d a204701 cCHAP aNatti, J. J. aProtectant seed treatments for vegetable processing crops /c J. J. Natti, and W. T. Schroeer aGeneva :b Cornell University a46 p. aNew York. Agr. Exp. Sta. Bull.; 771 aPesticidas x Efecto en plantas Legumbres x Semillas aSchroeder, W. T.